书目信息 |
| 题名: |
企业创新平台
|
|
| 作者: | 张振刚 编著 | |
| 分册: | ||
| 出版信息: | 北京 机械工业出版社 2024.08 |
|
| 页数: | 12,278页 | |
| 开本: | 23cm | |
| 丛书名: | 企业创新管理工具丛书 | |
| 单 册: | ||
| 中图分类: | F273.1 | |
| 科图分类: | ||
| 主题词: | 企业创新--研究 | |
| 电子资源: | ||
| ISBN: | 978-7-111-75893-8 | |
| 000 | 01410nam0 2200277 450 | |
| 001 | 013125156 | |
| 005 | 20251022174034.58 | |
| 010 | @a978-7-111-75893-8@dCNY79.00 | |
| 100 | @a20240911d2024 em y0chiy0120 ea | |
| 101 | 0 | @achi |
| 102 | @aCN@b110000 | |
| 105 | @aa z 000yy | |
| 106 | @ar | |
| 200 | 1 | @a企业创新平台@9qi ye chuang xin ping tai@e理论与实操@f张振刚[等]编著 |
| 210 | @a北京@c机械工业出版社@d2024.08 | |
| 215 | @a12,278页@c图@d23cm | |
| 225 | 1 | @a企业创新管理工具丛书 |
| 300 | @a广东省科技计划项目“华南技术转移中心建设(第一期、二期、三期)”“广东创新驱动战略决策新型智库建设”成果 | |
| 304 | @a编著者还有:莫唯、叶宝升、周海涛 | |
| 330 | @a本书作者在调研白云电气集团、美的南沙智慧工厂、广汽埃安智能生态工厂、科大讯飞等企业相关实践的基础上,构建了企业创新平台建设的“三层次十维度”模型,并进行了讲解。在理念层,明确企业创新平台的定位、目标和战略,建设相应的文化能够更好地引领企业创新平台建设,决定着活动层与支撑层的建设内容。在活动层,实现综合性、业务性、功能性三大类创新平台和数字创新平台的“3+1”建设,是企业创新平台的具体表现形式。在支撑层,实现研发队伍、管理制度、协同创新三大建设,为企业创新平台协调运行、企业集聚内外部资源、员工有效发挥创造力提供保障。 | |
| 461 | 0 | @12001 @a企业创新管理工具丛书 |
| 606 | 0 | @a企业创新@x研究 |
| 690 | @aF273.1@v5 | |
| 701 | 0 | @a张振刚@9zhang zhen gang@4编著 |
| 801 | 0 | @aCN@c20250909 |
| 905 | @a河南城建学院图书馆@dF273.1@eZ241@ZZ241@f1 | |
| 企业创新平台:理论与实操/张振刚[等]编著.-北京:机械工业出版社,2024.08 |
| 12,278页:图;23cm.-(企业创新管理工具丛书) |
| 广东省科技计划项目“华南技术转移中心建设(第一期、二期、三期)”“广东创新驱动战略决策新型智库建设”成果 |
| ISBN 978-7-111-75893-8:CNY79.00 |
| 本书作者在调研白云电气集团、美的南沙智慧工厂、广汽埃安智能生态工厂、科大讯飞等企业相关实践的基础上,构建了企业创新平台建设的“三层次十维度”模型,并进行了讲解。在理念层,明确企业创新平台的定位、目标和战略,建设相应的文化能够更好地引领企业创新平台建设,决定着活动层与支撑层的建设内容。在活动层,实现综合性、业务性、功能性三大类创新平台和数字创新平台的“3+1”建设,是企业创新平台的具体表现形式。在支撑层,实现研发队伍、管理制度、协同创新三大建设,为企业创新平台协调运行、企业集聚内外部资源、员工有效发挥创造力提供保障。 |
| ● |
| 相关链接 |
|
|
|
正题名:企业创新平台
索取号:F273.1/Z241
 
预约/预借
| 序号 | 登录号 | 条形码 | 馆藏地/架位号 | 状态 | 备注 |
| 1 | 1632969 | 216329694 | 社科库409/409社科库 91排4列4层/ [索取号:F273.1/Z241] | 在馆 |